| 000 | 00542nam a2200181Ia 4500 | ||
|---|---|---|---|
| 008 | 090201s9999 xx 000 0 und d | ||
| 010 | _aKPL-70137 | ||
| 020 | _a81-86926-85-2 | ||
| 040 | _bमराठी | ||
| 041 | _aमराठी | ||
| 082 |
_a48984 _b70137 |
||
| 100 | _aशिरीष कणेकर | ||
| 245 |
_aचापटपोळी _cशिरीष कणेकर |
||
| 260 |
_c2006 _bदिलीप प्रकाशन |
||
| 300 |
_a232 _bमध्यम |
||
| 600 | _aचापटपोळी | ||
| 942 | _cBOOK | ||
| 999 |
_c245570 _d245570 |
||